Diagnóstico sobre educación reproductiva y paternidad responsable en España /

Gespeichert in:
Bibliographische Detailangaben
Körperschaften: CEPAL, Centro de Estudios y Acción Social Panameño CEASPA
Format: Text
Veröffentlicht: México, D.F: CEPAL
Schlagworte:
Tags: Tag hinzufügen
Keine Tags, Fügen Sie den ersten Tag hinzu!

MARC

LEADER 00000 a a2200000 04500
001 26354
003
040
090 |a 148200  
110 |a CEPAL  
245 |a Diagnóstico sobre educación reproductiva y paternidad responsable en España /  |c CEPAL  
260 |a México, D.F:   |b CEPAL  
300 |a 67 p  
650 |a REFORMA SOCIAL  
650 |a SALUD  
650 |a SALUD PUBLICA  
650 |a SALUD REPRODUCTIVA  
650 |a PADRES  
650 |a HOMBRES  
650 |a PROGENITORES  
650 |a FAMILIA  
650 |a BIENESTAR DE LA FAMILIA  
650 |a CARGA FAMILIAR  
650 |a ESTRUCTURA DE LA FAMILIA  
650 |a MEDIO FAMILIAR  
650 |a SEGURIDAD SOCIAL  
650 |a PROBLEMAS SOCIALES  
650 |a NIÑOS ABANDONADOS  
650 |a VIOLENCIA  
650 |a SEGURI  
710 |a Centro de Estudios y Acción Social Panameño   |a CEASPA  
999 |c 7497  |d 7497